00860cam a2200265 i 450000100090000000300040000900500170001300800410003002000180007104000280008904200080011705000240012508200230014910000320017224500570020425000230026126400690028430000480035333600260040133700280042733800270045550400670048265000200054965000250056919135598OSt20240530110643.0160614s2016 ua b 001 0 eng  a9789774167485 aDLCbengerdacDLCdDLC apcc00aBL2450.G6bA75 201604221a299.31bCC\A G1 aArmour, Robert A.,eauthor.10aGods and myths of Ancient Egypt /cRobert A. Armour. aPaperback edition. 1aCairo ;aNew York :bAmerican University in Cairo Press,c[2016] aix, 207 pages : illustrations, map ;c21 cm atextbtxt2rdacontent aunmediatedbn2rdamedia avolumebnc2rdacarrier aIncludes bibliographical references (pages 191-201) and index. 0aGods, Egyptian. 0aMythology, Egyptian.